000 00360nam a2200133Ia 4500
008 100328s9999 xx 000 0 und d
082 _b61
100 _aSaavedra Miguel De Cervantes
245 _aDon Quixote Of La Mancha II
260 _bG.Bell & Sons
630 _aDon Quixote Of La Mancha II
730 _aDon Quixote Of La Mancha II
942 _cBOOK
999 _c496453
_d496450